Tutta colpa di Freud /

Đã lưu trong:
Chi tiết về thư mục
Tác giả chính: Filardo, Maurizio (Nhà soạn nhạc)
Tác giả khác: Genovese, Paolo, (1966- ) (Giám đốc), Lucci, Fabrizio (Nhiếp ảnh gia), Mammini, Paola (Biên kịch), Gerini, Claudia (Diễn viên), Puccini, Vittoria (Diễn viên), Gassmann, Alessandro (Diễn viên), Pieraccioni, Leonardo (Biên kịch), Giallini, Marco (Diễn viên)
Định dạng: Slide
Ngôn ngữ:Tiếng Italy
Được phát hành: [Milano] : Warner Bros Entertainment, ©2014
Các nhãn: Thêm thẻ
Không có thẻ, Là người đầu tiên thẻ bản ghi này!

MARC

LEADER 00000ngm a22000007i 4500
001 IT\ICCU\UBO\4091266
003 ItRI
005 20260124182821.0
008 140818s2014 it |||||||||||||||k|||||c
024 3 1 |a 5051891107403 
028 4 2 |a 1000461527 
028 4 2 |a 5000179601 
040 |b ita 
041 7 |a ita  |2 ISO-639-2 
082 |a 791.43617  |9 CINEMA. FILM CON SPECIFICHE CARATTERISTICHE. Commedia  |2 20 
130 0 |a Tutta colpa di Freud <film ; 2014>  |3 IT\ICCU\LO1\1529248 
245 0 0 |a Tutta colpa di Freud /  |c un film di Paolo Genovese ; soggetto: Paolo Genovese, Leonardo Pieraccioni, Paola Mammimi ; sceneggiatura: Paolo Genovese ; fotografia: Frabrizio Lucci ; musiche originali: Maurizio Filardo ; prodotto da Marco Belardi ; cast: Marco Giallini, Vittoria Puccini, Anna Foglietta ... [et al.]. 
260 |a [Milano] :  |b Warner Bros Entertainment,  |c ©2014 
300 |a 1 DVD-Video (circa 119 min.) :  |b color., sonoro 
500 |a Titolo del contenitore 
500 |a Prima del titolo: Medusa Film e Marco Belardi presentano 
500 |a Produzione cinematografica: Italia, 2014 
500 |a Basato sul romanzo omonimo del regista 
500 |a Sottotitoli: italiano per non udenti, inglese 
500 |a Altri interpreti: Anna Foglietta, Vittoria Puccini, Vinicio Marchioni, Laura Adriani 
500 |a Caratteristiche tecniche: regione 2; video 16:9, 2.35:1 adatto a ogni tipo di tv; audio Dolby digital 5.1 
500 |a Contenuti speciali: trailer; backstage corto; papere. 
700 1 |a Genovese, Paolo,  |d  (1966- )  |0 IT\ICCU\ANAV\062808  |4 drt 
700 1 |a Lucci, Fabrizio  |0 IT\ICCU\LO1V\325373  |4 pht 
700 1 |a Mammini, Paola  |0 IT\ICCU\LO1V\337594  |4 aus 
700 1 |a Filardo, Maurizio  |0 IT\ICCU\LO1V\419451  |4 cmp 
700 1 |a Gerini, Claudia  |0 IT\ICCU\RAVV\105134  |4 act 
700 1 |a Puccini, Vittoria  |0 IT\ICCU\RAVV\329007  |4 act 
700 1 |a Gassmann, Alessandro  |0 IT\ICCU\TO0V\018916  |4 act 
700 1 |a Pieraccioni, Leonardo  |0 IT\ICCU\TO0V\309012  |4 aus 
700 1 |a Giallini, Marco  |0 IT\ICCU\UBOV\485378  |4 act 
790 1 |a Gassman, Alessandro  |3 IT\ICCU\SBNV\002762  |z Gassmann, Alessandro 
790 1 |a Gasmann, Alessandro  |3 IT\ICCU\SBNV\032880  |z Gassmann, Alessandro 
942 |2 ddc  |c VM  |n 0 
952 |0 0  |1 0  |4 0  |6 VO_2148_000000000000000  |7 0  |9 26839  |a BO  |b BO  |d 2026-01-24  |i 17623  |l 0  |o VO 2148  |p BO17623  |r 2026-01-24 18:28:21  |w 2026-01-24  |x [Sebina 5] [1 dvd]  |y VM  |z 1 dvd 
999 |c 22704  |d 22704